00418nam a2200157Ia 450000500170000000800410001704000190005804100120007708200160008910000170010524500390012226000340016130000230019565000320021885000100025020230708094744.0131103s9999 xx 000 0 und d aLoreto College aEnglish a951.04bCHI aCh'ien,Hsiao aChina but not CathaycHsiao Ch'ien aLondonbThe Pilot Pressc1942 aviii,135 p.b ill. aChina - History,1914 - 1949 aLCLIB